Normal view
MARC view
- Young women
Entry Topical Term
001 - CONTROL NUMBER
- control field: 81896
003 - CONTROL NUMBER IDENTIFIER
- control field: NUST
005 - DATE AND TIME OF LATEST TRANSACTION
- control field: 20210828111747.0
008 - FIXED-LENGTH DATA ELEMENTS
- fixed length control field: 210828|| aca||aabn | a|a d
040 ## - CATALOGING SOURCE
- Original cataloging agency: NUST
- Transcribing agency: NUST
150 ## - HEADING--TOPICAL TERM
- Topical term or geographic name entry element: Young women
- Geographic subdivision: New York (State)
- Geographic subdivision: New York
- Form subdivision: Fiction
670 ## - SOURCE DATA FOUND
- Source citation: Work cat.: (NUST)0: Weisberger, Lauren, 1977- 81895, Chasing Harry Winston /, c2008.
